Southville International School and Colleges
Your cart is empty.
  • Cart
  • Lists
    Public lists Eva Luna New books Lux_list list_1
    Your lists Log in to create your own lists
  • Log in to your account
  • Your cookies
  • Search history
Southville International School and Colleges
  • Advanced search
  • Recent comments
  • Most popular
  • Libraries

Log in to your account

Log in with GOOGLE


If you do not have an external account, but do have a local account, you can still log in:

  1. Home
  2. MARC view: Physics investigation :
Normal view MARC view ISBD view

Physics investigation : (Record no. 289012)

[ view plain ]
MARC details
000 -LEADER
fixed length control field 00561nam a22001697a 4500
003 - CONTROL NUMBER IDENTIFIER
control field LC
005 - DATE AND TIME OF LATEST TRANSACTION
control field 20151203152557.0
008 - FIXED-LENGTH DATA ELEMENTS--GENERAL INFORMATION
fixed length control field 151203b xxu||||| |||| 00| 0 eng d
020 ## - INTERNATIONAL STANDARD BOOK NUMBER
International Standard Book Number 9781876659745
050 ## - LIBRARY OF CONGRESS CALL NUMBER
Classification number QC 35 .K41 2008 vol.1
100 ## - MAIN ENTRY--PERSONAL NAME
Personal name Kerr, Gregg
245 ## - TITLE STATEMENT
Title Physics investigation :
Remainder of title for use with the IB diploma programme : volume 1 relevant to the core topics
Statement of responsibility, etc Gregg Kerr, Edited by David Greig
250 ## - EDITION STATEMENT
Edition statement 3rd edition
260 ## - PUBLICATION, DISTRIBUTION, ETC. (IMPRINT)
Place of publication, distribution, etc Victoria : Australia
Name of publisher, distributor, etc IBID Press,
Date of publication, distribution, etc 2008
300 ## - PHYSICAL DESCRIPTION
Extent 66 pages.,
Other physical details ill.;
Dimensions 26 cm.
942 ## - ADDED ENTRY ELEMENTS (KOHA)
Source of classification or shelving scheme Library of Congress Classification
Koha item type Books
Holdings
Withdrawn status Lost status Source of classification or shelving scheme Damaged status Home library Current library Shelving location Date acquired Source of acquisition Total Checkouts Total Renewals Full call number Barcode Date last seen Date checked out Price effective from Koha item type
    Library of Congress Classification   Luxembourg Library Luxembourg Library International Baccalaureate Section 12/03/2015 Library Fund 4 18 QC 35 .K41 2008 vol.1 16748 06/03/2019 08/01/2018 12/03/2015 Books

Physics investigation :

APA

Kerr G., . (2008). Physics investigation. Victoria : Australia: IBID Press.

Chicago

Kerr Gregg, . 2008. Physics investigation. Victoria : Australia: IBID Press.

Harvard

Kerr G., . (2008). Physics investigation. Victoria : Australia: IBID Press.

MLA

Kerr Gregg, . Physics investigation. Victoria : Australia: IBID Press. 2008.

  • Place hold
  • Print
  • Cite
  • Add to your cart (remove)
  • Save record
    BIBTEX Dublin Core MARCXML MARC (non-Unicode/MARC-8) MARC (Unicode/UTF-8) MARC (Unicode/UTF-8, Standard) MODS (XML) RIS
  • More searches
    Search for this title in:
    Other Libraries (WorldCat) Other Databases (Google Scholar) Online Stores (Bookfinder.com) Open Library (openlibrary.org)

Exporting to Dublin Core...

SOUTHVILLE LIBRARY

Southville International School and Colleges Library

1281 Tropical Ave. Cor. Luxembourg St., BF Homes International, Las Pinas City

Tel. No. 8256374 / 252358 Loc. 117/146

Powered by Koha